Numerical solutions of initial value problems /

Guardado en:
Autor Principal: Lee, Ding.
Formato: Libro
Idioma:English
Publicado: New York : NUSC, 1976.
Series:NUSC Technical Report ; 5341
Materias:
Etiquetas: Agregar Etiqueta
Sin Etiquetas, Sea el primero en etiquetar este registro!
LEADER 00634nam a22001815a 4500
001 EIQ.libpla002767
008 070821s1976####nyu######b####000#0#eng#d
005 20080908165859.0
245 1 0 |a Numerical solutions of initial value problems /  |c Ding Lee. 
260 |a New York :  |b NUSC,  |c 1976. 
300 |a 1 v. (en varias paginaciones) ;  |c 28 cm. 
490 0 |a NUSC Technical Report ;  |v 5341 
504 |a Incluye referencias bibliográficas. 
100 1 |a Lee, Ding. 
650 4 |a Matemática  |x Métodos numéricos. 
650 4 |a Mathematical  |x Numerical methods. 
040 |a AR-BbSID  |b spa  |c AR-BbSID 
859 |a AR-BbSID  |b BIB. PLAPIQUI  |h 515.3  |i L 511  |p 4074